| 000 | 01128nam a2200301 a 4500 | ||
|---|---|---|---|
| 001 | 25298 | ||
| 003 | CO-ViMGA | ||
| 005 | 20230915232051.0 | ||
| 008 | 141112s2004 ck r 000 u spa d | ||
| 015 | _ack - 1997 - xxxx | ||
| 020 | _a9581801413 | ||
| 035 | _aAGA5616 LA | ||
| 040 |
_aCO-ViMGA _bspa _cCO-ViMGA |
||
| 041 | _aspa | ||
| 043 | _as - ck - - - | ||
| 045 | _at - x - | ||
| 082 | 0 | 4 | _a330.9861 H477 |
| 245 | 1 | 0 |
_aHistoria económica de Colombia / _cGermán Colmenares ... [et al.] ; José Antonio Ocampo (compilador). |
| 260 |
_a[Bogotá] : _bPresidencia de la República, _c1997. |
||
| 300 | _aviii, 525 p. : il. mapas ; 21 cm. | ||
| 490 | _aBiblioteca familiar Presidencia de la República | ||
| 500 | _aTambién disponible en Biblioteca Virtual http : //www.banrep.gov.co/blaa. | ||
| 504 | _aIncluye bibliografía. | ||
| 651 |
_aColombia - Condiciones económicas - Siglos XVI - XX. _938562 |
||
| 700 | 1 |
_aColmenares, Germán, 1938 - 1990. _938563 |
|
| 942 |
_2ddc _cBK |
||
| 999 |
_c32907 _d32907 |
||